000 01137nam a22003017a 4500
001 7768
003 FISKH
005 20250805105843.0
008 250805b cb ||||| |||| 00| 0 eng d
020 _a9780545142335
040 _aFISKH
_beng
_cFISKH
_dFISKH
050 _aE185.K5 B377
082 _a323.092
100 _aBauer, Marion Dane
245 _aMartin Lutcher, King, Jr. /
_cby Marion Dane Bauer : Illustrated by Jamie Smith
250 _aFirst printing, December 2009
260 _aNew York :
_bScholastic,
_c2009.
300 _a32 unnumbered pages :
_bcolor illustrations ;
_c21 X 21 cm .
490 _aMy First Biography
505 _aJ
520 _aDr. Martin Luther King Jr. was a great man. His words changed the way people thought, and his actions spurred them on to change the world. With simple, lyrical text and bold, kid-friendly illustrations, this book introduces Dr. King to the youngest readers.
521 8 _a490
_bLexile
521 8 _aJ
_bRaz-Plus
650 _aBlack History Month
_vNon-fiction
700 _aSmith, Jamie
_eIllustrator
942 _2ddc
_cBK
_n0
999 _c7768
_d7768